000
00269nam a22000977a 4500
999
_c
263775
_d
263774
020
_a
9781338238525
100
_a
Patricia Brennan Demuth
245
_a
What was D-Day?
260
_a
New York
_b
Grosset & Dunlap, an imprint of Penguin Group (USA) LLC
_c
2015
942
_c
BK